[Event "BCF-chT4S 1920 (4NCL)"]
[Site "England"]
[Date "2020.01.11"]
[Round "3.84"]
[White "Arora, Tashika"]
[Black "Coburn, Joseph A"]
[Result "1/2-1/2"]
[WhiteElo "1690"]
[BlackElo "1784"]
[PlyCount "140"]
[EventDate "2019.11.09"]
[EventType "team-swiss"]
[EventRounds "11"]
[EventCountry "ENG"]
[SourceTitle "EXT 2022"]
[Source "ChessBase"]
[SourceDate "2021.10.06"]
[SourceVersion "1"]
[SourceVersionDate "2021.10.06"]
[SourceQuality "1"]
[WhiteTeam "Oxford IV"]
[BlackTeam "Wessex III"]
[WhiteTeamCountry "ENG"]
[BlackTeamCountry "ENG"]

1. d4 d6 2. Nf3 Nf6 3. Bf4 g6 4. e3 Bg7 5. Be2 c6 6. 0-0 0-0 7. c4 Qb6 8. Qb3 Nbd7 9. Qxb6 Nxb6 10. Nc3 Nh5 11. Bg5 Re8 12. Nd2 Nf6 13. Nde4 Nxe4 14. Nxe4 h6 15. Bf4 Bf5 16. Nc3 e5 17. dxe5 dxe5 18. Bg3 Rad8 19. e4 Be6 20. b3 Rd4 21. Rad1 Red8 22. f3 Nc8 23. Bf2 Rxd1 24. Rxd1 Rxd1+ 25. Nxd1 b6 26. Nb2 c5 27. Nd3 Ne7 28. Kf1 Nc6 29. Ke1 Nd4 30. Kd2 Kf8 31. Bd1 Ke7 32. Ne1 h5 33. Nc2 f6 34. Ne3 Bh6 35. Kd3 Bxe3 36. Bxe3 g5 37. h3 Bf7 38. g4 Bg6 39. Bf2 Kd6 40. Be3 a6 41. a4 Be8 42. Bf2 Kc6 43. Be3 b5 44. axb5+ axb5 45. Bd2 Kb6 46. Bc3 Bf7 47. Bd2 Ne6 48. Kc3 bxc4 49. bxc4 hxg4 50. hxg4 Be8 51. Bb3 Nd4 52. Bd1 Bc6 53. Be1 Ne6 54. Bd2 Nc7 55. Be1 Na6 56. Kb3 Bd7 57. Bd2 Nb8 58. Be1 Bc6 59. Bd2 Nd7 60. Be1 Ka6 61. Be2 Nb6 62. Bf2 Nd7 63. Be1 Nf8 64. Bd1 Ng6 65. Bd2 Nh4 66. Be3 Kb6 67. Bd2 Ng2 68. Kc3 Nf4 69. Bc1 Ng2 70. Bd2 Nf4 1/2-1/2

[Event "Paignton op"]
[Site "Paignton"]
[Date "2013.09.05"]
[Round "5"]
[White "Wells, Jonathan C"]
[Black "Coburn, Joseph A"]
[Result "1-0"]
[WhiteElo "2013"]
[BlackElo "1805"]
[PlyCount "67"]
[EventDate "2013.09.01"]
[EventType "swiss"]
[EventRounds "7"]
[EventCountry "ENG"]
[SourceTitle "EXT 2016"]
[Source "ChessBase"]
[SourceDate "2015.10.08"]
[SourceVersion "1"]
[SourceVersionDate "2015.10.08"]
[SourceQuality "1"]

1. e4 c6 2. Nc3 e6 3. d4 d5 4. e5 c5 5. Nce2 cxd4 6. Nxd4 Nc6 7. f4 Bc5 8. Ngf3 Nge7 9. c3 a6 10. Nb3 Ba7 11. Bd3 g6 12. Qe2 b5 13. Be3 Qc7 14. 0-0 Bxe3+ 15. Qxe3 Bb7 16. Nbd4 Na5 17. a4 Nc4 18. Qf2 bxa4 19. Rxa4 0-0 20. g4 Nb6 21. Raa1 Nd7 22. Qh4 Rfe8 23. Ng5 Nf8 24. f5 exf5 25. gxf5 Qxe5 26. f6 Qe3+ 27. Kh1 h5 28. fxe7 Qxd3 29. exf8Q+ Rxf8 30. Qf4 Qc4 31. Rfe1 f6 32. Nge6 Rf7 33. Qh6 Rh7 34. Qxg6+ 1-0

[Event "Paignton op"]
[Site "Paignton"]
[Date "2012.09.06"]
[Round "5"]
[White "Burke, Steven J"]
[Black "Coburn, Joseph A"]
[Result "0-1"]
[WhiteElo "2043"]
[BlackElo "1792"]
[PlyCount "108"]
[EventDate "2012.09.02"]
[EventType "swiss"]
[EventRounds "7"]
[EventCountry "ENG"]
[SourceTitle "CBM 150 Extra"]
[Source "ChessBase"]
[SourceDate "2012.10.19"]
[SourceVersion "1"]
[SourceVersionDate "2012.10.19"]
[SourceQuality "1"]

1. d4 d6 2. Nc3 Nf6 3. Bg5 Nbd7 4. e4 c6 5. Nf3 e5 6. d5 Be7 7. Qd2 0-0 8. h4 cxd5 9. exd5 Nc5 10. Bxf6 Bxf6 11. Ng5 h6 12. Nge4 Nxe4 13. Nxe4 Bxh4 14. g3 Bg5 15. Nxg5 Qxg5 16. Qxg5 hxg5 17. Rh5 f6 18. Be2 Bf5 19. Kd2 Rfc8 20. c4 b5 21. b3 bxc4 22. Bxc4 Kf7 23. Rah1 Be4 24. Re1 Bf3 25. Rh2 Rc5 26. Rc1 Bxd5 27. Bxd5+ Rxd5+ 28. Ke3 Ra5 29. Rc7+ Kg6 30. f4 exf4+ 31. gxf4 gxf4+ 32. Kf3 Rf5 33. Kg4 Rg5+ 34. Kxf4 a5 35. Rd2 d5 36. Rd7 a4 37. b4 Rh8 38. b5 Rh4+ 39. Kf3 Rb4 40. Rb7 d4 41. Ke4 d3+ 42. Kxd3 Rbxb5 43. Rxb5 Rxb5 44. Kc4 Rb7 45. Rg2+ Kf5 46. Kd5 g5 47. Rf2+ Kg6 48. Ke6 f5 49. Rc2 Rb4 50. Ke5 Re4+ 51. Kd5 g4 52. Rc8 Kg5 53. Rg8+ Kf4 54. Rg7 Re2 0-1

[Event "Paignton op"]
[Site "Paignton"]
[Date "2012.09.03"]
[Round "2"]
[White "Coburn, Joseph A"]
[Black "Lewyk, Ihor"]
[Result "1-0"]
[WhiteElo "1792"]
[BlackElo "2091"]
[PlyCount "98"]
[EventDate "2012.09.02"]
[EventType "swiss"]
[EventRounds "7"]
[EventCountry "ENG"]
[SourceTitle "CBM 150 Extra"]
[Source "ChessBase"]
[SourceDate "2012.10.19"]
[SourceVersion "1"]
[SourceVersionDate "2012.10.19"]
[SourceQuality "1"]

1. c4 c5 2. g3 Nc6 3. Bg2 g6 4. Nc3 Bg7 5. e3 e5 6. a3 a5 7. Nge2 Nge7 8. Qc2 0-0 9. Nd5 d6 10. Nec3 f5 11. d3 Nxd5 12. Bxd5+ Kh8 13. Bd2 Ne7 14. Bg2 Rb8 15. 0-0-0 Bd7 16. h4 b5 17. cxb5 Bxb5 18. h5 g5 19. f4 exf4 20. exf4 gxf4 21. Bxf4 Bc6 22. Bg5 Bxg2 23. Qxg2 Bxc3 24. Bxe7 Qxe7 25. bxc3 Rb3 26. Kc2 Qf7 27. Qc6 Rfb8 28. Qxd6 Rb2+ 29. Kc1 Rb1+ 30. Kd2 R8b2+ 31. Ke3 Qe8+ 32. Kf4 Rf2+ 33. Kg5 Qg8+ 34. Qg6 hxg6 35. hxg6+ Kg7 36. Rxb1 Qd8+ 37. Kh5 Kf6 38. Rb7 Qxd3 39. Rf7+ Ke6 40. Kh6 Qxc3 41. Kh7 Qf3 42. Rh6 Qxg3 43. Rf8 Kd5 44. g7 Qc7 45. Kh8 Qe5 46. Rff6 Rg2 47. Rfg6 Rb2 48. Rc6 Rb8+ 49. Kh7 Qe6 1-0

[Event "Hampshire op"]
[Site "Eastleigh"]
[Date "2011.11.05"]
[Round "2"]
[White "Coburn, Joseph A"]
[Black "Fowler, David W"]
[Result "1-0"]
[WhiteElo "1792"]
[BlackElo "1860"]
[PlyCount "85"]
[EventDate "2011.11.04"]
[EventType "swiss"]
[EventRounds "6"]
[EventCountry "ENG"]
[SourceTitle "EXT 2012"]
[Source "ChessBase"]
[SourceDate "2011.11.24"]
[SourceVersion "1"]
[SourceVersionDate "2011.11.24"]
[SourceQuality "1"]

1. d4 Nf6 2. c4 e6 3. Nc3 d5 4. cxd5 exd5 5. Bf4 c6 6. Nf3 Bf5 7. Qb3 Qb6 8. Qxb6 axb6 9. a3 Nbd7 10. h3 b5 11. g4 Bg6 12. Bg2 b4 13. Nb1 bxa3 14. Nxa3 Bb4+ 15. Bd2 Bxd2+ 16. Nxd2 0-0 17. 0-0 Rfe8 18. e3 h5 19. gxh5 Nxh5 20. Rac1 Nhf6 21. Rc3 Ne4 22. Nxe4 Bxe4 23. Bxe4 Rxe4 24. Rb3 b6 25. Rc1 Re6 26. Rbc3 c5 27. Nb5 Rg6+ 28. Kf1 Ra2 29. b3 Rf6 30. R3c2 Rxc2 31. Rxc2 Kh7 32. Ra2 cxd4 33. Nxd4 Nc5 34. b4 Nd3 35. b5 Ne5 36. Ra7 Nc4 37. Ke2 Kg6 38. Rd7 Rd6 39. Rc7 Kf6 40. f4 g6 41. e4 Kg7 42. e5 Rd8 43. Ne6+ 1-0

[Event "BCF-chT3 0910 (4NCL)"]
[Site "England"]
[Date "2010.05.03"]
[Round "11.6"]
[White "Price, Andrew"]
[Black "Coburn, Joseph A"]
[Result "0-1"]
[WhiteElo "1930"]
[BlackElo "1858"]
[PlyCount "60"]
[EventDate "2009.10.24"]
[EventType "team-tourn"]
[EventRounds "11"]
[EventCountry "ENG"]
[SourceTitle "EXT 2011"]
[Source "ChessBase"]
[SourceDate "2010.11.26"]
[SourceVersion "1"]
[SourceVersionDate "2010.11.26"]
[SourceQuality "1"]
[WhiteTeam "Warwicks Select II"]
[BlackTeam "Wessex II"]
[WhiteTeamCountry "ENG"]
[BlackTeamCountry "ENG"]

1. e4 d6 2. d4 Nf6 3. Nc3 g6 4. Nf3 Bg7 5. Bc4 Nc6 6. h3 0-0 7. Be3 a6 8. a4 e5 9. d5 Ne7 10. Qd2 Nd7 11. Bh6 f5 12. Bxg7 Kxg7 13. Qe2 h6 14. Nd2 Nf6 15. exf5 Nxf5 16. Nde4 Nd4 17. Qd1 Bf5 18. Bd3 Bxe4 19. Bxe4 Nxe4 20. Nxe4 Qh4 21. Ng3 Rxf2 22. Kxf2 Rf8+ 23. Ke3 Qxg3+ 24. Kd2 Rf2+ 25. Kc1 Qxg2 26. Kb1 Nxc2 27. Rg1 Qe4 28. Qg4 Qxg4 29. hxg4 Nxa1 30. Kxa1 Rf4 0-1

[Event "BCF-chT3 0910 (4NCL)"]
[Site "England"]
[Date "2010.05.01"]
[Round "9.6"]
[White "Burch, Jonathan G"]
[Black "Coburn, Joseph A"]
[Result "1-0"]
[WhiteElo "1770"]
[BlackElo "1858"]
[PlyCount "97"]
[EventDate "2009.10.24"]
[EventType "team-tourn"]
[EventRounds "11"]
[EventCountry "ENG"]
[SourceTitle "EXT 2011"]
[Source "ChessBase"]
[SourceDate "2010.11.26"]
[SourceVersion "1"]
[SourceVersionDate "2010.11.26"]
[SourceQuality "1"]
[WhiteTeam "Sussex Smart Controls"]
[BlackTeam "Wessex II"]
[WhiteTeamCountry "ENG"]
[BlackTeamCountry "ENG"]

1. d4 Nf6 2. Nf3 g6 3. Bf4 Bg7 4. Nbd2 d6 5. e4 Nbd7 6. Bc4 c6 7. h3 d5 8. Bd3 Qa5 9. c3 dxe4 10. Nxe4 Nxe4 11. Bxe4 Nf6 12. Bd3 Bf5 13. Ne5 Bxd3 14. Qxd3 0-0 15. 0-0 Rad8 16. Qe2 e6 17. Rfe1 Rc8 18. Nc4 Qa6 19. Nd6 Qxe2 20. Rxe2 Rb8 21. Nxf7 Kxf7 22. Bxb8 Rxb8 23. Rae1 Re8 24. g3 Nd5 25. f4 b5 26. a3 a5 27. Kg2 Nb6 28. g4 Nd5 29. Kf3 Re7 30. h4 Bh6 31. Re4 Bg7 32. R4e2 h6 33. Kg3 Bf8 34. Re4 Re8 35. f5 Bd6+ 36. Kf3 gxf5 37. gxf5 Nc7 38. fxe6+ Rxe6 39. Rxe6 Nxe6 40. Ke4 Bg3 41. Rf1+ Ke7 42. Kf5 Kd6 43. Kg4 Bh2 44. Rf6 Ke7 45. Rxh6 Bg1 46. Kf3 b4 47. Rh5 bxc3 48. bxc3 Nf8 49. Kg2 1-0

[Event "Paington op"]
[Site "Paington"]
[Date "2009.09.12"]
[Round "7"]
[White "Coburn, Joseph A"]
[Black "Cheshire, Paul L"]
[Result "0-1"]
[WhiteElo "1808"]
[BlackElo "1584"]
[PlyCount "64"]
[EventDate "2009.09.06"]
[EventType "swiss"]
[EventRounds "7"]
[EventCountry "ENG"]
[SourceTitle "CBM 132 Extra"]
[Source "ChessBase"]
[SourceDate "2009.11.03"]
[SourceVersion "1"]
[SourceVersionDate "2009.11.03"]
[SourceQuality "1"]

1. d4 Nf6 2. c4 g6 3. Nc3 d5 4. e3 Bg7 5. cxd5 Nxd5 6. Bc4 Nxc3 7. bxc3 0-0 8. Ba3 a6 9. Ne2 b5 10. Bb3 Bb7 11. 0-0 Nc6 12. Rb1 Re8 13. Bc5 Na5 14. Bc2 e5 15. a4 Qg5 16. Ng3 exd4 17. cxd4 bxa4 18. Bxa4 Re6 19. Bd7 Qd5 20. Rxb7 Nxb7 21. Bxe6 Qxe6 22. Ba3 Nd6 23. Qf3 Rb8 24. Qc6 Nb5 25. Qxe6 fxe6 26. Bc5 Nc3 27. Rc1 Nd5 28. Ne4 a5 29. g3 Nb4 30. Ng5 Nd3 31. Rc2 e5 32. Ne6 Rb1+ 0-1

[Event "Paington op"]
[Site "Paington"]
[Date "2009.09.06"]
[Round "1"]
[White "Blore, John D"]
[Black "Coburn, Joseph A"]
[Result "1-0"]
[WhiteElo "2024"]
[BlackElo "1808"]
[PlyCount "89"]
[EventDate "2009.09.06"]
[EventType "swiss"]
[EventRounds "7"]
[EventCountry "ENG"]
[SourceTitle "CBM 132 Extra"]
[Source "ChessBase"]
[SourceDate "2009.11.03"]
[SourceVersion "1"]
[SourceVersionDate "2009.11.03"]
[SourceQuality "1"]

1. e4 d6 2. d4 Nf6 3. Nc3 g6 4. Be3 a6 5. h3 Bg7 6. Nf3 b5 7. Bd3 Bb7 8. a3 0-0 9. 0-0 Nbd7 10. b4 c5 11. bxc5 dxc5 12. e5 Nd5 13. Nxd5 Bxd5 14. c3 f6 15. Be2 Rc8 16. exf6 Bxf6 17. a4 cxd4 18. cxd4 Bc4 19. Qd2 Qb6 20. Ne5 Bxe5 21. dxe5 Qc7 22. axb5 axb5 23. Ra7 Qc6 24. Bxc4+ bxc4 25. Qxd7 Qxd7 26. Rxd7 Kf7 27. Rc1 Ke6 28. Rd4 c3 29. Rd3 c2 30. Rd2 Kxe5 31. Rdxc2 Rxc2 32. Rxc2 Ke6 33. Kf1 Rb8 34. Ke2 Rb7 35. Ra2 Kf7 36. Kf3 h5 37. Ra6 Rb4 38. Ra7 Rb5 39. h4 Re5 40. Bg5 Re6 41. Be3 Rf6+ 42. Ke4 Re6+ 43. Kf4 Kg7 44. Bd4+ Kf7 45. Be5 1-0

[Event "Weymouth op"]
[Site "Weymouth"]
[Date "2008.10.24"]
[Round "1"]
[White "Pleasants, Allan J"]
[Black "Coburn, Joseph A"]
[Result "1-0"]
[WhiteElo "2100"]
[BlackElo "1720"]
[PlyCount "45"]
[EventDate "2008.10.24"]
[EventType "swiss"]
[EventRounds "5"]
[EventCountry "ENG"]
[SourceTitle "EXT 2009"]
[Source "ChessBase"]
[SourceDate "2008.11.26"]
[SourceVersion "1"]
[SourceVersionDate "2008.11.26"]
[SourceQuality "1"]

1. e4 c5 2. Nf3 e6 3. d4 cxd4 4. Nxd4 Nc6 5. Nc3 Nf6 6. Bc4 Nxe4 7. Nxe4 d5 8. Nxc6 bxc6 9. Qf3 Qd7 10. Be3 dxe4 11. Qxe4 Bb7 12. Rd1 Qc7 13. Bf4 Qa5+ 14. c3 Rd8 15. 0-0 Be7 16. Be5 0-0 17. b4 Qb6 18. Qg4 g6 19. Qf4 Rfe8 20. Bc7 Rxd1 21. Rxd1 Bg5 22. Qd6 Be7 23. Qd7 1-0